| 000 | 00665cam a2200241Ia 4500 | ||
|---|---|---|---|
| 999 |
_c4614 _d4614 |
||
| 001 | 18362 | ||
| 003 | GBCCL | ||
| 005 | 20241126110522.0 | ||
| 008 | 900413q19801990txu 000 0 eng d | ||
| 035 | _a(OCoLC)21368533 | ||
| 040 |
_aCDC _cCDC _dMSV _dLBB |
||
| 049 | _aLBBK | ||
| 082 |
_a262 _bBES |
||
| 090 |
_aBV600.2 _b.B47 |
||
| 092 |
_a262 _bB561N |
||
| 092 | 0 |
_a262 _bB561n, 1980z _220 |
|
| 100 | 1 |
_aBest, W. E. _9453 |
|
| 245 | 1 | 0 |
_aNo proper name given to Christ's assembly / _cby W.E. Best. |
| 260 |
_aHouston, Tex. : _bSouth Belt Assembly of Christ, _c[198-?] |
||
| 300 |
_a15 p. ; _c22 cm. |
||
| 650 | 0 |
_aChurch _xBiblical teaching. _96223 |
|
| 942 |
_2ddc _cBK |
||